| 000 | 00856nam a22002417a 4500 | ||
|---|---|---|---|
| 999 |
_c10085 _d10085 |
||
| 003 | AR-CdUCM | ||
| 008 | 190329b ||||| |||| 00| 0 spa d | ||
| 040 |
_aMUNICIPALIDAD PROVINCIAL DEL CUSCO _cBIBLIOTECA MUNICIPAL DEL CUSCO |
||
| 041 | _hfre | ||
| 082 |
_a323.3 / _bH17 / 1950 |
||
| 100 |
_aHalbwachs, Maurice _926741 |
||
| 245 | _aLas clases sociales / | ||
| 260 |
_aMéxico, D.F : _bFondo de Cultura Económica, _c1950. |
||
| 300 |
_a181 páginas ; _c17 cm. |
||
| 440 |
_aBreviarios Fondo de Cultura Económica. _n32 _926742 |
||
| 505 | _aContenido: La civilización tradicional y las clases campesinas -- Los medios urbanos y la civilización industrial. | ||
| 650 |
_aClases sociales _92411 |
||
| 650 |
_aIndustria _94386 |
||
| 650 |
_aCivilización _91048 |
||
| 700 |
_aAub, Max (traducción) _926743 |
||
| 942 |
_2ddc _cLIBROS |
||
| 945 | _aachl | ||